000
00228nam a2200097Ia 4500
008
120527s9999 xx 000 0 und d
100
_a
DAVIES,T.
245
_a
Peptide-Lipid interactions.
260
_b
Academic Press
942
_c
BK
999
_c
23653
_d
23653